=LDR 00000nam 2200000 4500 =001 INLIS000000000019143 =005 20130612114237 =008 ***********************************Ind** =035 ##$$0010-061300000019143 =041 ##$$a Ind =082 ##$$a 823 =090 ##$$a 823, Har g =100 ##$$a Harley, L.P =245 ##$$a The go-between, L.P Harley =260 ##$$a 1981 $b London =300 ##$$a 401 hlm, 21 cm =650 ##$$a Fiksi Inggris =850 ##$$a NBPNMAT